Culture générale sur l'Afrique - Statistiques

Statistiques générales
  • Ce quiz a été pris 279 fois
  • Le résultat moyen est 4 sur 10
Statistiques - réponses
Question Réponse % Correct
quel est le pays africain le plus peuplé? Nigeria
88%
quel pays africain est considéré comme l'Afrique en miniature? Cameroun
63%
quel est le dernier pays à avoir accéder à l'indépendance? Soudan du sud
56%
Qui fut le premier président du Sénégal après son independance? Léopold Sédar Senghor
51%
Quel est le pays africain le plus titré en CAN? Egypte
44%
Quel est l'ancien nom du Bénin? Dahomey
41%
Combien de désert compte l'Afrique? 3
29%
Comment s'appelle le désert de sable en Afrique Australe? Désert de Kalahari
15%
Quel est le nom originel de l'Afrique? Alkebulan
12%
Quel pays Africain a connu le plus de coup d'états de tout les temps? Soudan
7%
Aucun quiz correspondant
Distribution des résultats
% des personnes avec chaque résultat
Percentile par nombre de réponses
Votre historique - résultats
Vous n’avez pas pris ce quiz